000 00682nam a22002177a 4500
003 UA-OsUOA
001 102355
007 ta
008 20130909b un ||||| |||| 00| 0 ukr d
100 _aПяткова І.
090 _a02
_bП99
942 _cSA
040 _aUA-OsUOA
_bukr
_cUA-OsUOA
_dUA-OsUOA
245 _aЕлектронні інформаційцно-комунікаційні технології в роботі бібліотеки
300 _aС.35-39
955 _a0
041 _aukr
080 _a02
773 0 _w102352
_tБібліотечний форум України
_dДонецьк
_d2013
_g2
650 7 _a02 Бібліотечна справа
_2UDC
999 _c388577
_d388577